00336nam a2200133Ia 45000010005000000080041000050200022000460820023000681000029000912450016001202600023001369010028001599990015001873913241024s9999 xx 000 0 und d a978-9945-465-18-1 aRD/863.97293/G216t aObdulia García Escobar 0aEl Tio Luis bEdiciones CPc2013 a29/1/2015 11:13:39 a.m. c7773d7773